00462 2200169 4500001002100000005001500021035002000036245006600056100001800122250001700140300002900157260004700186082001100233084001800244020002200262600000800284INLIS00000000000086720250110102642 a0010-01250000401 aWhy? Bacteria and Virus :bBakteri dan Virus /cJeongwook KIM0 aJeongwook KIM acetakan ke-1 a160 hlm :bIlus ;c20 cm aJakarta :bPT Elex Media Komputindo,c2022 a616.92 a616.92 JEO w a978-623-003-092-5 4aipa